| 000 | 00659nam a2200241Ia 4500 | ||
|---|---|---|---|
| 001 | 1372 | ||
| 003 | GE_BSU | ||
| 008 | 181216s||||||||xx |||||||||||||| ||und|| | ||
| 020 | _a9785060059007 | ||
| 040 | _cGE_BSU | ||
| 080 | _a547(075.8) | ||
| 100 | _aЩукин,Е.Д. Перцов,А.В. Амелина,Е. А. | ||
| 245 | _aКоллоидная химия | ||
| 245 | _bДля студ. вузов по спец. "Химия | ||
| 260 | _aМосква | ||
| 260 | _bВысшая школа | ||
| 260 | _c2007 | ||
| 300 | _a444стр. | ||
| 541 | _h70л. | ||
| 653 | _aКоллоидная химия | ||
| 653 | _aХимия | ||
| 942 | _cBK | ||
| 999 |
_c35511 _d35511 |
||